000 00555nam a2200133Ia 4500
008 171212s9999 xx 000 0 und d
020 _a9780731528417
245 _ceditor Fox, James J.
_aThe Poetic Power of Place
_bComparative Perspectives on Austronesian Ideas of Locality
260 _bANU E Press
_c2006
440 _aComparative Austronesian Series
650 _aAnthropology
650 _aPlace (Philosophy); Sacredspace -- Madagascar; Sacred space -- Indonesia; Sacred space -- Papua New Guinea
856 _uwww.jstor.org/stable/10.2307/j.ctt2jbjrm
999 _c351381
_d351381